Hồ Chí Minh tuyển tập văn học

Tuyển tập truyện ký của Chủ tịch Hồ Chí Minh, một tiếng nói tiêu biểu của thời đại, tiếng nói của một tâm hồn lớn, một tác phẩm có giá trị đặc biệt về nhiều mặt, ra mắt bạn đọc là một sự kiện văn học nỗi bật năm 1995....

Cur síos iomlán

Đã lưu trong:
Sonraí Bibleagrafaíochta
Príomhúdar: Hồ, Chí Minh
Formáid: Leabhar
Teanga:Undetermined
Foilsithe: Hà Nội Văn Học 1999
Ábhair:
Clibeanna: Cuir Clib Leis
Gan Chlibeanna, Bí ar an gcéad duine leis an taifead seo a chlibeáil!
Thư viện lưu trữ: Trung tâm Học liệu Trường Đại học Cần Thơ
LEADER 01011nam a2200229Ia 4500
001 CTU_39820
008 210402s9999 xx 000 0 und d
020 |b 43.500đ 
082 |a 895.9228 
082 |b M312/T.3 
100 |a Hồ, Chí Minh 
245 0 |a Hồ Chí Minh tuyển tập văn học 
245 0 |c Hồ Chí Minh 
260 |a Hà Nội 
260 |b Văn Học 
260 |c 1999 
520 |a Tuyển tập truyện ký của Chủ tịch Hồ Chí Minh, một tiếng nói tiêu biểu của thời đại, tiếng nói của một tâm hồn lớn, một tác phẩm có giá trị đặc biệt về nhiều mặt, ra mắt bạn đọc là một sự kiện văn học nỗi bật năm 1995. 
650 |a Vietnamese literature,Vietnamese literature 
650 |x Collections 
650 |y 20th century 
904 |i Minh, Q. Hiếu(sửa) 
980 |a Trung tâm Học liệu Trường Đại học Cần Thơ